| 000 | 00325nam a22001337a 4500 | ||
|---|---|---|---|
| 999 |
_c15116 _d15116 |
||
| 020 | _a81-239-0411-8 | ||
| 082 |
_a621.9 _bCHA/WO |
||
| 100 |
_aChapman, W.A.J _92566 |
||
| 245 | _aWorkshop Technology, Vol 2 | ||
| 250 | _a4 | ||
| 260 |
_aNew Delhi _bCBS Publishers & Distributors Pvt. Ltd. _c2007 |
||
| 300 | _a399 | ||
| 942 | _cBK | ||